UBT Library

Plant and service tours in operations management / (Record no. 45007)

000 -LEADER
fixed length control field 00702pam a2200229 a 4500
001 - CONTROL NUMBER
control field 3468871
005 - DATE AND TIME OF LATEST TRANSACTION
control field 20180314081525.0
008 - FIXED-LENGTH DATA ELEMENTS--GENERAL INFORMATION
fixed length control field 930330s1994 nyua b 001 0 eng
010 ## - LIBRARY OF CONGRESS CONTROL NUMBER
LC control number 93019376
020 ## - INTERNATIONAL STANDARD BOOK NUMBER
International Standard Book Number 0024068314
040 ## - CATALOGING SOURCE
Original cataloging agency DLC
Transcribing agency DLC
Modifying agency DLC
041 ## - LANGUAGE CODE
Language code of text/sound track or separate title eng
080 ## - UNIVERSAL DECIMAL CLASSIFICATION NUMBER
Universal Decimal Classification number 658.5 SCH
082 00 - DEWEY DECIMAL CLASSIFICATION NUMBER
Classification number 658.5 SCH
Edition number 20
100 1# - Rafti
Rafti 54
101 ## - Shkurtesa
Shkurtesa MO
245 10 - TITLE STATEMENT
Title Plant and service tours in operations management /
Statement of responsibility, etc Roger W. Schmenner.
504 ## - BIBLIOGRAPHY, ETC. NOTE
Bibliography, etc Includes bibliographical references and index.
906 ## - LOCAL DATA ELEMENT F, LDF (RLIN)
a 7
b cbc
c orignew
d 1
e ocip
f 19
g y-gencatlg
942 ## - ADDED ENTRY ELEMENTS (KOHA)
Source of classification or shelving scheme
Item type Books
Holdings
Withdrawn status Lost status Source of classification or shelving scheme Damaged status Not for loan Collection code Permanent location Current location Shelving location Date acquired Total Checkouts Full call number Barcode Date last seen Price effective from Koha item type
          Koleksioni i përgjithshem UBT - Lipjan UBT - Lipjan Koleksioni i përgjithshem 03/14/2018   658.5 SCH 002-3001810 03/14/2018 03/14/2018 Books
UBT Library © 2015-2024. All rights reserved University Education for Business and Technology